| 000 | 00774nam a22002175i 4500 | ||
|---|---|---|---|
| 001 | 155754 | ||
| 003 | ES-MaACL | ||
| 005 | 20250716062632.0 | ||
| 008 | 040728q18901910fr |||| | fre d | ||
| 040 |
_aCAM _bspa _cCAM |
||
| 100 | 1 |
_aHugo, Victor, _d1802-1885 _964627 |
|
| 245 | 1 | 0 |
_aToute la lyre / _cVictor Hugo. |
| 260 |
_aParis : _bJ. Hetzel, _c[s.a.] ( _fLib.-Imp. réunier, Motteroz) |
||
| 300 |
_a3 v. (284; 265; 223 p.) ; _c18 cm. |
||
| 490 | 1 | _aOeuvres phostumes de Victor Hugo | |
| 596 | _aEl imp. del t.III es "Lib.-Imp. réunies" | ||
| 596 | _aProbablemente impreso en la última década del siglo XIX o primera del XX. | ||
| 830 | 0 |
_aOeuvres phostumes de Victor Hugo _9221599 |
|
| 852 |
_aES-MaACL _jG-3090-92 _z-- Enc. hol. |
||
| 999 |
_c155754 _d155754 |
||